Books to Authors #6 - Statistics

General Stats
  • This quiz has been taken 225 times
  • The average score is 7 of 14
Answer Stats
Book Author % Correct
Ulysses James Joyce
88%
Crime and Punishment Fyodor Dostoyevsky
79%
The Handmaid's Tale Margaret Atwood
77%
Mansfield Park Jane Austen
76%
The Bell Jar Sylvia Plath
73%
The Twilight Saga Stephanie Meyer
68%
The Diary of a Young Girl Anne Frank
64%
Cat on a Hot Tin Roof Tennessee Williams
48%
The Name of the Rose Umberto Eco
48%
Fifty Shades of Grey E.L.James
44%
Three Sisters Anton Chekhov
27%
Wide Sargasso Sea Jean Rhys
24%
The Golden Notebook Doris Lessing
18%
The Days of Abandonment Elena Ferrante
2%
No matching quizzes found
Score Distribution
Percent of People with Each Score
Percentile by Number Answered
Your Score History
You have not taken this quiz